Biología. (Registro nro. 1028)

Detalles MARC
000 -LEADER
fixed length control field 01781nam a2200493 a 4500
008 - CAMPO DE CONTROL (LIBRO)
fixed length control field 120322s1998 ag ||||f |||| 001 0 spa d
020 ## - INTERNATIONAL STANDARD BOOK NUMBER
ISBN 9504605648
041 ## - CODIGO DE IDIOMA
Código de idioma del texto/pista de sonido o título separado spa
092 ## - SIGNATURA TOPOGRAFICA DEWEY LOCAL
número de clasificación 574
libristica 7
sección BIO
245 ## - TITULO PROPIAMENTE DICHO
Título Biología.
Subtítulo y Título paralelo Citología. Anatomía y fisiología. Genética. Salud y enfermedad /
Mención de responsabilidad y remanente de la transcripción de la portada María Gabriela Barderi
250 ## - MENCION DE EDICION
Mención de edición 1a ed.
260 ## - PIE DE IMPRENTA
Lugar de publicación, distribución, etc Buenos Aires:
Nombre de la editorial, distribuidor, etc Santillana;
Fecha de publicación 1998.
300 ## - DESCRIPCION FISICA
Extension 447 p.
500 ## - NOTA GENERAL
Nota general Barderi, M. G. et al. (1998). Biología. Citología. Anatomía y fisiología. Genética. Salud y enfermedad. (1a ed.). Buenos Aires : Santillana.
590 ## - NOTAS LOCALES (RLIN)
Nota local Donación Beltran Eluney, Marzo 2012
653 ## - TÉRMINO INDIZADO - PALABRAS CLAVES
Palabra clave Sistemas biológicos
653 ## - TÉRMINO INDIZADO - PALABRAS CLAVES
Palabra clave Multicelularidad y niveles de organización
653 ## - TÉRMINO INDIZADO - PALABRAS CLAVES
Palabra clave Células y biomoléculas
653 ## - TÉRMINO INDIZADO - PALABRAS CLAVES
Palabra clave Metabolismo celular
653 ## - TÉRMINO INDIZADO - PALABRAS CLAVES
Palabra clave Sistema digestivo
653 ## - TÉRMINO INDIZADO - PALABRAS CLAVES
Palabra clave Sistema respiratorio
653 ## - TÉRMINO INDIZADO - PALABRAS CLAVES
Palabra clave Sistemas circulatorio y excretor
653 ## - TÉRMINO INDIZADO - PALABRAS CLAVES
Palabra clave Sistema ósteo-artro-muscular
653 ## - TÉRMINO INDIZADO - PALABRAS CLAVES
Palabra clave Sistema nervioso
653 ## - TÉRMINO INDIZADO - PALABRAS CLAVES
Palabra clave Organos sensoriales
653 ## - TÉRMINO INDIZADO - PALABRAS CLAVES
Palabra clave Sistema endocrino
653 ## - TÉRMINO INDIZADO - PALABRAS CLAVES
Palabra clave Inmunidad y homeostasis
653 ## - TÉRMINO INDIZADO - PALABRAS CLAVES
Palabra clave Respuesta a los estímulos y comportamiento
653 ## - TÉRMINO INDIZADO - PALABRAS CLAVES
Palabra clave Reproducción y sexualidad
653 ## - TÉRMINO INDIZADO - PALABRAS CLAVES
Palabra clave Desarrollo y crecimiento
653 ## - TÉRMINO INDIZADO - PALABRAS CLAVES
Palabra clave Herencia y genética
653 ## - TÉRMINO INDIZADO - PALABRAS CLAVES
Palabra clave Promoción y protección de la salud
653 ## - TÉRMINO INDIZADO - PALABRAS CLAVES
Palabra clave Noxas y enfermedades
653 ## - TÉRMINO INDIZADO - PALABRAS CLAVES
Palabra clave Nutrición. Enfermedades nutricionales
653 ## - TÉRMINO INDIZADO - PALABRAS CLAVES
Palabra clave Drogadependencias
700 1# - ENTRADAS SECUNDARIAS - NOMBRE PERSONAL
Nombre personal Barderi, Maria Gabriela
9 (RLIN) 1675
700 1# - ENTRADAS SECUNDARIAS - NOMBRE PERSONAL
Nombre personal Cuniglio, Francisco
9 (RLIN) 1676
700 1# - ENTRADAS SECUNDARIAS - NOMBRE PERSONAL
Nombre personal Fernández. Eduardo M.
9 (RLIN) 1677
700 1# - ENTRADAS SECUNDARIAS - NOMBRE PERSONAL
Nombre personal Haut, Guillermo E.
9 (RLIN) 1678
700 1# - ENTRADAS SECUNDARIAS - NOMBRE PERSONAL
Nombre personal López, Amalia B.
9 (RLIN) 1679
700 1# - ENTRADAS SECUNDARIAS - NOMBRE PERSONAL
Nombre personal Lotersztain, Ileana
9 (RLIN) 1680
700 1# - ENTRADAS SECUNDARIAS - NOMBRE PERSONAL
Nombre personal Schipani, Fabián V.
9 (RLIN) 1681
942 ## - ADDED ENTRY ELEMENTS (KOHA)
Source of classification or shelving scheme Dewey Decimal Classification
Item type Libros
Existencias
Estado de retiro Existencia Fuente de clasificación Estado general No para prestamo Ubicación permanente ubicación actual Sala de ubicación Fecha de adquisición Total Checkouts Total Renewals Número de clasificación Código de barras Date last seen Date last borrowed Número de ejemplar Price effective from Koha tipo de elemento (item)
    Dewey Decimal Classification     Biblioteca Medicina Biblioteca Medicina Circulación 22/03/2012 13 2 574 7 BIO 2483 02/11/2015 30/10/2015 ej.1 22/03/2012 Libros

UNIVERSIDAD NACIONAL DEL COMAHUE
Biblioteca de la Facultad de Ciencias Médicas
Sede Toschi: Los Arrayanes y Av. Toschi, Cipolletti  - Rio Negro
Sede Los Tordos:  Yrigoyen al 2211, Cipolletti - Rio Negro 

Teléfono: 0299 - 4774707 int 25
Contacto: biblioteca@facimed.uncoma.edu.ar
© 2011 - 2026